Movies Quiz

Random Movies or Clickable Quiz

Movie Cast Match (2009) Quiz Stats

 Plays Quiz Updated Nov 6, 2014

Challenge
Share
Tweet
Embed
Score 0/40 Timer 08:00
1 Play Today
% Correct
Harry Potter and the Half-Blood Prince
93.2%
The Twilight Saga: New Moon
92.5%
Fast & Furious
91.4%
The Hangover
89.3%
Transformers: Revenge of the Fallen
89.3%
X-Men Origins: Wolverine
86.7%
Ice Age: Dawn of the Dinosaurs
85.8%
Sherlock Holmes
84.6%
Night at the Museum: Battle of the Smithsonian
84.1%
The Blind Side
83.6%
Inglourious Basterds
83.5%
The Proposal
79.9%
Avatar
79.4%
Angels & Demons
79.1%
Up
76.7%
Star Trek
76.3%
17 Again
76%
Julie & Julia
75.7%
Fantastic Mr. Fox
74.6%
(500) Days of Summer
73.4%
% Correct
Precious
72.8%
Zombieland
72.7%
Invictus
71.5%
The Taking of Pelham 1 2 3
71.1%
The Men Who Stare at Goats
71%
I Love You, Man
69.5%
Couples Retreat
68.9%
Public Enemies
68.2%
Funny People
67%
Up in the Air
65.7%
It's Complicated
63.6%
He's Just Not That Into You
62.4%
The Invention of Lying
61.5%
Adventureland
60.5%
Crazy Heart
59.9%
The Ugly Truth
59.6%
Land of the Lost
57.9%
Terminator Salvation
55%
2012
53.6%
Whip It
51.8%

You're not logged in!

Compare scores with friends on all Sporcle quizzes.
OR
Log In

You Might Also Like...

Show Comments

Extras

Top Quizzes Today


Score Distribution

Your Account Isn't Verified!

In order to create a playlist on Sporcle, you need to verify the email address you used during registration. Go to your Sporcle Settings to finish the process.

Report this User

Report this user for behavior that violates our Community Guidelines.

Details: